| 000 | 00562nam a2200193 a 4500 | ||
|---|---|---|---|
| 001 | 814 | ||
| 003 | CDMR | ||
| 005 | 20130919131627.0 | ||
| 008 | 130130s1989||||||||||||||||||||||||||||d | ||
| 020 | _a8477940479 | ||
| 040 |
_aCDMR _bcat _cCPC GIRONA |
||
| 100 | 1 |
_aMontaner Montejano, Jordi _9625 |
|
| 245 | 1 | 4 |
_aEl "Ciero" _cJordi Montaner _b: no va arribar al segle |
| 260 |
_bDiputació de Barcelona _a[Barcelona] |
||
| 260 |
_c1989 _bCol·legi de Periodistes de Catalunya |
||
| 490 | 0 |
_aVaixells de Paper _v4 |
|
| 650 | 0 | 4 |
_93117 _aDiaris _zCatalunya |
| 942 |
_cMON _2ddc |
||
| 999 |
_c814 _d814 |
||